Návrh metodiky získavania informácií o konkurentoch v prostredí e-businessu

Prostredie e-biznisu ako vhodný zdroj pre získavanie rôznych iformácií o konkurenčných firmách. Určenie cieľov a metódy analýzy získavania informácií. Identifikácia subjektov na daných trhoch. Zoradenie konkurentov podľa významu. Zistenie hodnôt konkrétnych ukazovateľov. Pridelenie bodov na základe...

Descrizione completa

Salvato in:
Dettagli Bibliografici
Autore principale: Miklošík, Andrej
Natura: Capitolo di libro
Lingua:slovacco
Soggetti:
Tags: Aggiungi Tag
Nessun Tag, puoi essere il primo ad aggiungerne!!

MARC

LEADER 00000naa$a2200000$$$4500
001 0049086
005 20240522081841.2
041 0 |a slo 
044 |a SK 
245 1 0 |a Návrh metodiky získavania informácií o konkurentoch v prostredí e-businessu  |c Andrej Miklošík 
520 |a Prostredie e-biznisu ako vhodný zdroj pre získavanie rôznych iformácií o konkurenčných firmách. Určenie cieľov a metódy analýzy získavania informácií. Identifikácia subjektov na daných trhoch. Zoradenie konkurentov podľa významu. Zistenie hodnôt konkrétnych ukazovateľov. Pridelenie bodov na základe zistených hodnôt. Vypočítanie výsledného indexu a zoradenie. Definovanie výkonnostných parametrov. 
610 2 0 |a obchod elektronický 
610 2 0 |a konkurencia 
610 2 0 |a informácie 
610 2 0 |a technológie informačné 
610 2 0 |a technológie komunikačné 
610 2 0 |a počítače 
610 2 0 |a analýzy 
100 1 |a Miklošík, Andrej